Franchises de Super League (Rugby à XIII). - Statistiques

Statistiques générales
  • Ce quiz a été pris 132 fois
  • Le résultat moyen est 8 sur 12
Statistiques - réponses
Titres Franchises % Correct
0 Dragons Catalans
97%
0 Hull KR
80%
10 St Helens RLFC
79%
5 Wigan Warriors
78%
8 Leeds Rinhos
78%
0 Hull FC
76%
0 Warrington Wolves
63%
0 Salford City Reds
60%
0 Castleford Tigers
58%
0 Wakefield Trinity
57%
0 Leigh Léopards
55%
0 Huddersfield Giants
50%
Aucun quiz correspondant
Distribution des résultats
% des personnes avec chaque résultat
Percentile par nombre de réponses
Votre historique - résultats
Vous n’avez pas pris ce quiz